Phương pháp luận sử học /

Na minha lista:
Detalhes bibliográficos
Outros Autores: Đinh Ngọc Bảo, Nguyễn Thị Côi, Phan Ngọc Liên (chủ biên)
Formato: Sách giấy
Idioma:Vietnamese
Publicado em: H. : Đại học Sư phạm, 2003
Assuntos:
Tags: Adicionar Tag
Sem tags, seja o primeiro a adicionar uma tag!
Thư viện lưu trữ: Thư viện Trường Đại học Đà Lạt
LEADER 00843nam a2200313 4500
001 DLU040027613
005 ##20040428
040 # # |a DLU  |b vie 
041 # # |a vie 
044 # # |a vn 
082 # # |a 907  |b Phu 
245 # # |a Phương pháp luận sử học /  |c Phan Ngọc Liên chủ biên, ... [và những người khác]  
260 # # |a H. :  |b Đại học Sư phạm,  |c 2003 
300 # # |a 343 tr. ;  |c 21 cm 
504 # # |a Tài liệu tham khảo :tr.343 
650 # # |a Lịch sử  |x Phương pháp luận. 
700 # # |a Đinh Ngọc Bảo 
700 # # |a Nguyễn Thị Côi 
700 # # |a Phan Ngọc Liên  |e chủ biên 
923 # # |a 10/2004 
992 # # |a 27500 
994 # # |a DLU 
900 # # |a True 
911 # # |a Đào Thị Thu Huyền 
925 # # |a G 
926 # # |a A 
927 # # |a SH 
980 # # |a Thư viện Trường Đại học Đà Lạt